000 01328nkm a2200289 i 4500
001 3730
003 ES-MaACL
005 20250713062810.0
007 khrbo
008 070606s1986 sp --- g |001||spa d
100 0 _aAlfonso,
_d1902-1990
_919858
245 1 0 _aColaboración política [
_hFotografía] /
_cAlfonso (sello).
260 _a[S.l. :
_bs.n.],
_c1986.
300 _a4 fot. :
_bb. y n. ;
_c12 x 18 cm.
490 1 _aCiclo de conferencias sobre España y Europa
500 _aDatos basados en invitación.
511 0 _aInterviene: Miguel Ángel Martínez Martínez; moderador: Isidro De Miguel Pérez.
518 _aActo organizado por el Ateneo de Madrid a propuesta de la Sección de Ciencias Jurídicas y Políticas, celebrado en el salón de actos el viernes, 28 de febrero de 1986, a las 19:30 h.
600 1 4 _aMartínez Martínez, Miguel Ángel.
_978211
600 1 4 _aMiguel Pérez, Isidro de.
_981033
610 2 4 _aAteneo de Madrid-
_xActos culturales-
_y1986-
_vFotografías.
_91901
710 2 _aAteneo de Madrid.
_bSección de Ciencias Jurídicas y Políticas.
_91984
830 0 _aCiclo de conferencias sobre España y Europa
_9176926
852 _aES-MaACL
_jFOT 52/1986
856 4 _uhttp://www.ateneodemadrid.net/biblioteca_digital/imagenes/1986/0052-1986.jpg
_zVer imagen
999 _c3730
_d3730